00475nam a2200145Ia 4500008004100000020001800041041000800059082001500067100002300082245015200105250000600257260003800263300001300301650001500314210716s2004 xx 000 0 und d a9789814057035 aeng a158.7 MUCP aMuchinsky, Paul M. aPsychology applied to work: an introduction to industrial and organizational psychology.bIntroduction to industrial and organizational psychology. a6 aAustraliabThomson learningc2004 axxiv,551 aPsychology